| 000 | 00909nam a22002057a 4500 | ||
|---|---|---|---|
| 999 |
_c1812 _d1812 |
||
| 003 | AR-CdUCM | ||
| 008 | 190228b ||||| |||| 00| 0 spa d | ||
| 040 |
_aMUNICIPALIDAD PROVINCIAL DEL CUSCO _cBIBLIOTECA MUNICIPAL DEL CUSCO |
||
| 082 |
_a985.04 / _bAP64 |
||
| 100 |
_aAparicio Vega, Manuel Jesús _91304 |
||
| 245 | _aEl clero patriota en 1814 / | ||
| 260 |
_aCusco : _bMunicipalidad del Cusco, _c2001. |
||
| 300 |
_a361 páginas ; _bImagenes. _c21.5 cm. |
||
| 505 | _aVisión de la labor subversiva del clero despues de la rebelión de Thupa Amaro, hasta la revolución de 1814 -- El clero patriota en la revolución de 1814 -- Los dos lideres de la revolución -- Represalia realista contra el clero por su participación en la revolución ... | ||
| 650 |
_aMovimientos subversivos _96655 |
||
| 650 |
_aHermanos Angulo _93833 |
||
| 650 |
_a1814 _93834 |
||
| 942 |
_2ddc _cLIBROS |
||
| 945 |
_aafb _d2019-02-27 |
||